| 000 | 01107cam a2200241 i 4500 | ||
|---|---|---|---|
| 999 |
_c58251 _d58251 |
||
| 001 | 20865206 | ||
| 005 | 20221107165652.0 | ||
| 008 | 190225t20192019ncua b 000 0 eng | ||
| 020 | _a9781641136266 X | ||
| 041 | _aeng | ||
| 080 | _a37.018.43 S-61 | ||
| 100 |
_aSimonson, Michael R. _912616 |
||
| 245 | 0 | 0 |
_aTeaching and learning at a distance : _bfoundations of distance education / _cMichael Simonson, Nova Southeastern University, Susan Zvacek, University of Denver, Sharon Smaldino, Northern Illinois University. |
| 250 | _aSeventh Edition. | ||
| 264 | 1 |
_aCharlotte, North Carolina : _bInformation Age Publishing, Inc., _c[2019] |
|
| 264 | 4 | _c© 2019 IAP | Information Age Publishing, Inc. | |
| 300 |
_a342 pages : _billustrations ; _c26 cm. |
||
| 653 | _aსწავლება და სწავლა დისტანციურად | ||
| 653 | _aდისტანციური განათლების საფუძვლები | ||
| 700 | 1 |
_aSmaldino, Sharon E., _eავტორი _912617 |
|
| 700 | 1 |
_aZvacek, Susan _eავრორი _912618 |
|
| 942 |
_2udc _cBK |
||